000 00411nam a2200169Ia 4500
005 20250620005111.0
008 240331s9999 xx 000 0 und d
020 _a9559681818
082 _bGUN
_a305
100 _aGunasekara, P
245 0 _aSththrithwaya ha wicumsiha chinthanaya
260 _bAuthor Statement
_c2001
300 _a103 p .,
650 _aFemininity
650 _aFree thinking
942 _cL
999 _c1656
_d1656